Περιβαλλοντικοί πρόσφυγες : ένα παγκόσμιο φαινόμενο με ηθικές διαστάσεις : μεταπτυχιακή διατριβή

Η μετακίνηση των ανθρώπων πέρα από τα εθνικά σύνορα είναι ένα ορατό και αυξανόμενα σημαντικό τμήμα της παγκόσμιας ενσωμάτωσης. Το 3% του παγκόσμιου πληθυσμού- περισσότερο από 190 εκατομμύρια άνθρωποι- ζουν πια σε χώρες άλλες από αυτές που γεννήθηκαν. Η μετανάστευση αυξάνεται, ειδικά από τις φτωχές χ...

Πλήρης περιγραφή

Αποθηκεύτηκε σε:
Λεπτομέρειες βιβλιογραφικής εγγραφής
Κύριος συγγραφέας: Κουκουθάκη, Παυλίνα
Συγγραφή απο Οργανισμό/Αρχή: Πανεπιστήμιο Αιγαίου Σχολή Περιβάλλοντος Τμήμα Περιβάλλοντος Πρόγραμμα Μεταπτυχιακών Σπουδών Γεωργία και Περιβάλλον
Άλλοι συγγραφείς: Τσαμπούκου-Σκαναβή, Κωνσταντίνα (Εισηγητής διατριβής)
Μορφή: Thesis Βιβλίο
Γλώσσα:Greek
Δημοσίευση: 2007
Θέματα:
Διαθέσιμο Online:http://hdl.handle.net/11610/15353
Ετικέτες: Προσθήκη ετικέτας
Δεν υπάρχουν, Καταχωρήστε ετικέτα πρώτοι!

MARC

LEADER 00000cam a2200000 i 4500
001 1/82518
008 080415s2007 gre d
035 |l 10096684 
040 |a GR-MY-UA  |b gre  |e aacr 
041 0 |a gre 
082 0 |a 363.349  |2 (22) 
100 1 |a Κουκουθάκη, Παυλίνα. 
245 1 0 |a Περιβαλλοντικοί πρόσφυγες :  |b ένα παγκόσμιο φαινόμενο με ηθικές διαστάσεις : μεταπτυχιακή διατριβή /  |c Κουκουθάκη Παυλίνα ; υπεύθυνη καθηγήτρια Σκαναβή Κ. 
260 |c 2007 
300 |a 142 σ.;  |c 30 εκ. 
502 |a Διατριβή (μεταπτυχιακή) – Πανεπιστήμιο Αιγαίου, Λέσβος, 2007. 
504 |a Βιβλιογραφία: σ. 133-142 
506 0 |a Ηλεκτρονική διάθεση στο πλήρες κείμενο - ελεύθερης πρόσβασης.  
520 8 |a Η μετακίνηση των ανθρώπων πέρα από τα εθνικά σύνορα είναι ένα ορατό και αυξανόμενα σημαντικό τμήμα της παγκόσμιας ενσωμάτωσης. Το 3% του παγκόσμιου πληθυσμού- περισσότερο από 190 εκατομμύρια άνθρωποι- ζουν πια σε χώρες άλλες από αυτές που γεννήθηκαν. Η μετανάστευση αυξάνεται, ειδικά από τις φτωχές χώρες στις πλούσιες. Οι δημογραφικές τάσεις τόσος στις χώρες υψηλού εισοδήματος όσο και στις αναπτυσσόμενες ενδέχεται να ενθαρρύνει τη μετανάστευση. Σε πολλές αναπτυγμένες χώρες ο πληθυσμός γηράσκει ταχέως, ενώ σε πολλές αναπτυσσόμενες, ο πληθυσμός είναι νεαρός και αυξάνεται ταχέως. Οι μετανάστες που προκύπτουν εξαιτίας των παραπάνω αιτιών καλούνται «περιβαλλοντικοί πρόσφυγες» και καλύπτουν ένα σημαντικό ποσοστό του πληθυσμού των μεταναστών. 
650 0 0 |a Environmental refugees. 
650 0 0 |a Dissertations, Academic  |z Greece. 
700 1 |a Τσαμπούκου-Σκαναβή, Κωνσταντίνα.  |4 ths 
710 2 |a Πανεπιστήμιο Αιγαίου  |b Σχολή Περιβάλλοντος  |b Τμήμα Περιβάλλοντος  |b Πρόγραμμα Μεταπτυχιακών Σπουδών Γεωργία και Περιβάλλον. 
852 |a INST  |b LESVOS  |c DIATR  |e 20080415  |h 199  |p 005100039997  |q 005100039997  |t MTXE  |y 23 
852 |a INST  |b LESVOS  |c DIATR  |e 20080415  |h 200  |p 005100039998  |q 005100039998  |t MTXE  |y 23 
856 |u http://hdl.handle.net/11610/15353 
901 |a BIBL1-2008-1 
909 |a Λ  |b 141015 
909 |a Λ  |b 141014 
924 |a ΚΟΥΚΟΥΘΑΚΗ  |b ΠΑΥΛΙΝΑ  |y ΛΕΣΒΟΣ  |z 2007-12 
970 |a ΤΖΑΦΕΡΗ  |b ΕΥΑΓΓΕΛΙΑ  |z 2008/04/15